| 000 | 00385nam a2200157 a 4500 | ||
|---|---|---|---|
| 003 | PILC | ||
| 005 | 20151020162824.0 | ||
| 008 | 101019s19uu xx 00 eng d | ||
| 050 |
_aER _bB31 2005 |
||
| 100 | _aKowitt, Holly | ||
| 245 |
_aBatman begins:. _btraining Bruce Wayne |
||
| 260 |
_aNew York : _bDC Comics, _c2005. |
||
| 440 | _aBatman | ||
| 942 |
_2lcc _cBK |
||
| 999 |
_c111514 _d111514 |
||